Business ethics : a real world approach /

Salvato in:
Dettagli Bibliografici
Autore principale: Ghillyer, Andrew
Altri autori: Ghillyer.A.W
Natura: Libro
Pubblicazione: Boston : McGraw Hill Higher Education, c2010.
Edizione:2nd ed.
Soggetti:
Tags: Aggiungi Tag
Nessun Tag, puoi essere il primo ad aggiungerne!!

MARC

LEADER 00000cam a2200000 a 4500
005 20250929095337.0
020 |a 9780073377100 (alk. paper)  |c TZS 10,000/= 
020 |a 0073377104 (alk. paper)  |c TZS 10000/= 
040 |a MCCL  |b eng.  |e AACR 2nd rev. ed 
082 0 0 |a 174.4 GHI 
100 1 |a Ghillyer, Andrew. 
245 1 0 |a Business ethics :  |b a real world approach /  |c Andrew Ghillyer. 
250 |a 2nd ed. 
260 |a Boston :  |b McGraw Hill Higher Education,  |c c2010. 
300 |a xx, 359 p. :  |b col. ill. ;  |c 28 cm. 
504 |a Includes bibliographical references and index. 
650 0 |a Business ethics. 
650 0 |a Business ethics  |v Case studies. 
700 |a Ghillyer.A.W. 
942 |c BK 
999 |c 11363  |d 11363